Las políticas sociales en América Central a la Hora de la mundialización /
El ensayo está dividido en tres etapas: en primer término se ofrecen algunas consideraciones sobre la gobernabilidad, en segundo lugar algunas consideraciones sobre la política y finalmente, un tercer aspecto que el autor ha denominado la necesaria renovación
Guardado en:
| Autor principal: | |
|---|---|
| Formato: | Desconocido |
| Publicado: |
San José:
Friedrich Ebert Stiftung
|
| Materias: | |
| Etiquetas: |
Agregar Etiqueta
Sin Etiquetas, Sea el primero en etiquetar este registro!
|
MARC
| LEADER | 00000 a2200000 04500 | ||
|---|---|---|---|
| 001 | 34552 | ||
| 003 | |||
| 008 | 991231s d | ||
| 040 | |||
| 020 | |a 9977-961-28-X | ||
| 090 | |a 0001 H564p | ||
| 100 | |a Herrera Balharry, Eugenio | ||
| 245 | |a Las políticas sociales en América Central a la Hora de la mundialización / |c Eugenio Herrera Balharry | ||
| 260 | |a San José: |b Friedrich Ebert Stiftung | ||
| 300 | |a 148 p. | ||
| 520 | |a El ensayo está dividido en tres etapas: en primer término se ofrecen algunas consideraciones sobre la gobernabilidad, en segundo lugar algunas consideraciones sobre la política y finalmente, un tercer aspecto que el autor ha denominado la necesaria renovación | ||
| 650 | |a GOBERNABILIDAD | ||
| 650 | |a CRISIS POLITICA | ||
| 650 | |a DESARROLLO POLITICO | ||
| 999 | |c 14445 |d 14445 | ||



